[Event "Turkish Cup 2022"]
[Site "Sakarya"]
[Date "2022.03.26"]
[Round "3.3"]
[White "Daghan, Devran"]
[Black "Gunduz, Umut Erdem"]
[Result "1-0"]
[WhiteElo "1985"]
[BlackElo "2258"]
[Annotator "ChessBase"]
[PlyCount "165"]
[EventDate "2022.03.25"]
[EventType "swiss"]
[EventCountry "TUR"]
[SourceTitle "playchess.com"]
[Source "ChessBase"]
[SourceQuality "1"]
[TimeControl "5400+30"]

1. e4 {[%emt 0:05:00]} e5 {[%emt 0:01:00]} 2. Nf3 {[%emt 0:00:30]} Nc6 {[%emt 0:00:30]} 3. Bc4 {[%emt 0:00:30]} Nf6 {[%emt 0:00:30]} 4. d4 {[%emt 0:01:30]} exd4 {[%emt 0:01:30]} 5. Ng5 {[%emt 0:06:30]} d5 {[%emt 0:16:30]} 6. exd5 {[%emt 0:01:30]} Qe7+ {[%emt 0:01:30]} 7. Kf1 {[%emt 0:08:30]} Ne5 {[%emt 0:02:30]} 8. Qxd4 {[%emt 0:10:30]} h6 {[%emt 0:14:30]} 9. Ne4 {[%emt 0:13:30]} Nxc4 {[%emt 0:07:30]} 10. Nxf6+ {[%emt 0:02:30]} Qxf6 {[%emt 0:01:30]} 11. Qxc4 {[%emt 0:00:30]} Bd6 {[%emt 0:00:30]} 12. Nc3 {[%emt 0:03:30]} O-O {[%emt 0:00:30]} 13. Be3 {[%emt 0:17:30]} Bf5 {[%emt 0:01:30]} 14. Rc1 {[%emt 0:05:30]} Rfe8 {[%emt 0:00:30]} 15. Kg1 {[%emt 0:09:06]} Qg6 {[%emt 0:02:30]} 16. Ne2 {[%emt 0:02:02]} Re4 {[%emt 0:00:30]} 17. Qb3 {[%emt 0:03:36]} Rae8 {[%emt 0:13:30]} 18. Ng3 {[%emt 0:01:03]} Rg4 {[%emt 0:16:56]} 19. c4 {[%emt 0:03:09]} b6 {[%emt 0:05:50]} 20. Nxf5 {[%emt 0:03:42]} Qxf5 {[%emt 0:00:30]} 21. h3 {[%emt 0:00:30]} Rg6 {[%emt 0:00:30]} 22. Qc2 {[%emt 0:00:30]} Re4 {[%emt 0:00:30]} 23. Qd1 {[%emt 0:00:30]} Qe5 {[%emt 0:00:30]} 24. Rc3 {[%emt 0:00:30]} Bb4 {[%emt 0:00:30]} 25. Rd3 {[%emt 0:00:30]} Rxc4 {[%emt 0:00:30]} 26. g3 {[%emt 0:00:20]} Bd6 {[%emt 0:02:58]} 27. Bd4 {[%emt 0:00:31]} Qe4 {[%emt 0:01:53]} 28. Bc3 {[%emt 0:00:05]} Qf5 {[%emt 0:03:53]} 29. Kg2 {[%emt 0:00:44]} b5 {[%emt 0:01:10]} 30. a3 {[%emt 0:00:31]} Rf4 {[%emt 0:01:17]} 31. Rf3 {[%emt 0:00:32]} Rxf3 {[%emt 0:01:26]} 32. Qxf3 {[%emt 0:00:30]} Qc2 {[%emt 0:00:30]} 33. g4 {[%emt 0:00:00]} f5 {[%emt 0:00:33]} 34. Re1 {[%emt 0:00:05]} Kh7 {[%emt 0:00:31]} 35. Re2 {[%emt 0:01:19]} Qb1 {[%emt 0:00:18]} 36. Re1 {[%emt 0:00:46]} Qc2 {[%emt 0:00:02]} 37. Re2 {[%emt 0:00:19]} Qb1 {[%emt 0:01:03]} 38. Re1 {[%emt 0:00:34]} fxg4 {[%emt 0:00:37]} 39. hxg4 {[%emt 0:00:50]} Qc2 {[%emt 0:00:02]} 40. Re2 {[%emt 0:00:13]} Qb1 {[%emt 0:00:42]} 41. Re1 {[%emt 0:00:45]} Qc2 {[%emt 0:00:09]} 42. Re2 {[%emt 0:00:16]} Qd1 {[%emt 0:00:58]} 43. Qe4 {[%emt 0:00:28]} Qc1 {[%emt 0:00:31]} 44. Qf5 {[%emt 0:01:03]} Qg5 {[%emt 0:00:09]} 45. Kf3 {[%emt 0:00:00]} Qxf5+ {[%emt 0:00:42]} 46. gxf5 {[%emt 0:00:29]} Rg5 {[%emt 0:00:00]} 47. Ke4 {[%emt 0:00:39]} Rg4+ {[%emt 0:00:00]} 48. Kd3 {[%emt 0:00:18]} Rf4 {[%emt 0:00:00]} 49. f6 {[%emt 0:00:49]} gxf6 {[%emt 0:00:00]} 50. Bd4 {[%emt 0:00:00]} h5 {[%emt 0:00:48]} 51. Re8 {[%emt 0:01:07]} h4 {[%emt 0:00:15]} 52. Re1 {[%emt 0:00:04]} Kg6 {[%emt 0:01:19]} 53. Rg1+ {[%emt 0:00:50]} Kf5 {[%emt 0:00:02]} 54. Rg7 {[%emt 0:00:13]} a6 {[%emt 0:00:47]} 55. Be3 {[%emt 0:00:30]} Rc4 {[%emt 0:01:39]} 56. Rh7 {[%emt 0:00:27]} Ke5 {[%emt 0:00:56]} 57. Rh5+ {[%emt 0:01:00]} f5 {[%emt 0:00:14]} 58. f4+ {[%emt 0:00:06]} Kxd5 {[%emt 0:00:10]} 59. b3 {[%emt 0:00:25]} Rc6 {[%emt 0:00:56]} 60. Rxf5+ {[%emt 0:00:30]} Ke6 {[%emt 0:00:30]} 61. Rh5 {[%emt 0:00:00]} Be7 {[%emt 0:00:27]} 62. f5+ {[%emt 0:00:32]} Kf7 {[%emt 0:00:41]} 63. Rh7+ {[%emt 0:00:43]} Ke8 {[%emt 0:00:22]} 64. Bd4 {[%emt 0:00:33]} Bg5 {[%emt 0:00:42]} 65. Rh5 {[%emt 0:00:33]} Be7 {[%emt 0:00:29]} 66. Ke4 {[%emt 0:00:11]} Bxa3 {[%emt 0:00:30]} 67. f6 {[%emt 0:00:24]} Bf8 {[%emt 0:00:29]} 68. Rxh4 {[%emt 0:00:57]} Rc1 {[%emt 0:00:31]} 69. Rh7 {[%emt 0:00:18]} c5 {[%emt 0:00:49]} 70. Be5 {[%emt 0:00:17]} Rd1 {[%emt 0:00:08]} 71. Ra7 {[%emt 0:00:41]} Rd7 {[%emt 0:00:29]} 72. Rxa6 {[%emt 0:00:35]} Kf7 {[%emt 0:00:09]} 73. Kf5 {[%emt 0:00:00]} Rb7 {[%emt 0:01:18]} 74. Ra1 {[%emt 0:00:00]} c4 {[%emt 0:00:04]} 75. bxc4 {[%emt 0:00:36]} bxc4 {[%emt 0:00:01]} 76. Rh1 {[%emt 0:00:22]} Rd7 {[%emt 0:00:57]} 77. Rh7+ {[%emt 0:00:50]} Ke8 {[%emt 0:00:30]} 78. Rh4 {[%emt 0:00:00]} c3 {[%emt 0:00:35]} 79. Rc4 {[%emt 0:00:35]} Rd5 {[%emt 0:00:32]} 80. Ke6 {[%emt 0:02:03]} Rc5 {[%emt 0:00:30]} 81. f7+ {[%emt 0:00:00]} Kd8 {[%emt 0:00:02]} 82. Rxc5 {[%emt 0:00:18]} Bxc5 {[%emt 0:00:30]} 83. Bd6 {[%emt 0:00:00]} 1-0

[Event "Turkish Cup 2022"]
[Site "Sakarya"]
[Date "2022.03.26"]
[Round "3.4"]
[White "Isik, Alparslan"]
[Black "Kavri, Yusuf Eren"]
[Result "1-0"]
[WhiteElo "2328"]
[BlackElo "1886"]
[Annotator "ChessBase"]
[PlyCount "115"]
[EventDate "2022.03.25"]
[EventType "swiss"]
[EventCountry "TUR"]
[SourceTitle "playchess.com"]
[Source "ChessBase"]
[SourceQuality "1"]
[TimeControl "5400+30"]

1. Nf3 {[%emt 0:03:00]} Nf6 {[%emt 0:01:00]} 2. c4 {[%emt 0:00:30]} e6 {[%emt 0:00:30]} 3. g3 {[%emt 0:00:30]} d5 {[%emt 0:00:30]} 4. Bg2 {[%emt 0:00:30]} Be7 {[%emt 0:00:30]} 5. O-O {[%emt 0:00:30]} O-O {[%emt 0:00:30]} 6. d4 {[%emt 0:00:00]} dxc4 {[%emt 0:00:00]} 7. Qc2 {[%emt 0:00:00]} a6 {[%emt 0:00:00]} 8. a4 {[%emt 0:00:00]} Bd7 {[%emt 0:02:30]} 9. Rd1 {[%emt 0:00:00]} Bc6 {[%emt 0:04:30]} 10. Nc3 {[%emt 0:00:00]} a5 {[%emt 0:03:30]} 11. e4 {[%emt 0:00:00]} Na6 {[%emt 0:00:30]} 12. Ne5 {[%emt 0:00:30]} Nb4 {[%emt 0:04:30]} 13. Qe2 {[%emt 0:00:30]} h6 {[%emt 0:17:30]} 14. Qxc4 {[%emt 0:17:30]} Nd7 {[%emt 0:12:30]} 15. Ng4 {[%emt 0:10:30]} Nc2 {[%emt 0:10:30]} 16. Rb1 {[%emt 0:00:30]} h5 {[%emt 0:00:30]} 17. Qe2 {[%emt 0:11:30]} hxg4 {[%emt 0:05:30]} 18. Qxc2 {[%emt 0:01:30]} Nb6 {[%emt 0:01:30]} 19. b3 {[%emt 0:06:30]} Bg5 {[%emt 0:04:30]} 20. d5 {[%emt 0:02:30]} exd5 {[%emt 0:00:30]} 21. Nxd5 {[%emt 0:01:30]} Bxd5 {[%emt 0:02:30]} 22. exd5 {[%emt 0:00:00]} Be7 {[%emt 0:06:30]} 23. Be4 {[%emt 0:20:00]} Nd7 {[%emt 0:04:08]} 24. Bf5 {[%emt 0:00:30]} Ne5 {[%emt 0:01:19]} 25. Bb2 {[%emt 0:00:30]} Bd6 {[%emt 0:01:01]} 26. Qe4 {[%emt 0:02:30]} Re8 {[%emt 0:01:03]} 27. Bxg4 {[%emt 0:01:30]} Nxg4 {[%emt 0:07:32]} 28. Qxg4 {[%emt 0:00:30]} Be5 {[%emt 0:04:20]} 29. Bxe5 {[%emt 0:06:25]} Rxe5 {[%emt 0:00:31]} 30. Qc4 {[%emt 0:00:30]} Qd6 {[%emt 0:00:30]} 31. Rbc1 {[%emt 0:00:30]} Rae8 {[%emt 0:00:30]} 32. Kg2 {[%emt 0:00:30]} R8e7 {[%emt 0:00:30]} 33. Qc5 {[%emt 0:00:30]} Qxc5 {[%emt 0:00:34]} 34. Rxc5 {[%emt 0:00:30]} b6 {[%emt 0:00:30]} 35. Rc6 {[%emt 0:00:30]} Rf5 {[%emt 0:01:45]} 36. Rd2 {[%emt 0:01:16]} Rd7 {[%emt 0:03:13]} 37. d6 {[%emt 0:00:18]} Rxd6 {[%emt 0:00:00]} 38. Rdxd6 {[%emt 0:00:33]} cxd6 {[%emt 0:00:24]} 39. Rxb6 {[%emt 0:00:30]} Rd5 {[%emt 0:00:30]} 40. Kf3 {[%emt 0:00:00]} g6 {[%emt 0:00:21]} 41. Ke2 {[%emt 0:00:48]} Re5+ {[%emt 0:00:56]} 42. Kd2 {[%emt 0:00:44]} Rd5+ {[%emt 0:00:30]} 43. Kc3 {[%emt 0:00:30]} Rc5+ {[%emt 0:00:33]} 44. Kd2 {[%emt 0:01:22]} Rd5+ {[%emt 0:00:30]} 45. Kc1 {[%emt 0:00:00]} Rc5+ {[%emt 0:00:16]} 46. Kb1 {[%emt 0:00:00]} Rc3 {[%emt 0:00:26]} 47. f4 {[%emt 0:00:32]} d5 {[%emt 0:01:02]} 48. Kb2 {[%emt 0:00:35]} Rf3 {[%emt 0:00:06]} 49. Rb5 {[%emt 0:01:15]} d4 {[%emt 0:00:45]} 50. Rxa5 {[%emt 0:00:48]} Rf2+ {[%emt 0:00:14]} 51. Ka3 {[%emt 0:02:10]} d3 {[%emt 0:00:56]} 52. Rd5 {[%emt 0:00:30]} d2 {[%emt 0:00:30]} 53. a5 {[%emt 0:00:23]} Rxh2 {[%emt 0:00:00]} 54. Kb4 {[%emt 0:00:00]} Kg7 {[%emt 0:00:19]} 55. a6 {[%emt 0:00:31]} Kf6 {[%emt 0:00:12]} 56. a7 {[%emt 0:00:00]} d1=Q {[%emt 0:01:44]} 57. Rxd1 {[%emt 0:00:17]} Ra2 {[%emt 0:00:30]} 58. Rd7 {[%emt 0:00:00]} 1-0

[Event "Turkish Cup 2022"]
[Site "Sakarya"]
[Date "2022.03.26"]
[Round "3.5"]
[White "Akin, Kadir"]
[Black "Sevgi, Volkan"]
[Result "0-1"]
[WhiteElo "1964"]
[BlackElo "2344"]
[Annotator "ChessBase"]
[PlyCount "84"]
[EventDate "2022.03.25"]
[EventType "swiss"]
[EventCountry "TUR"]
[SourceTitle "playchess.com"]
[Source "ChessBase"]
[SourceQuality "1"]
[TimeControl "5400+30"]

1. e4 {[%emt 0:09:00]} c5 {[%emt 0:01:00]} 2. c3 {[%emt 0:00:00]} Qa5 {[%emt 0:00:00]} 3. Na3 {[%emt 0:03:00]} Nc6 {[%emt 0:00:00]} 4. Nf3 {[%emt 0:00:30]} e6 {[%emt 0:00:30]} 5. d4 {[%emt 0:05:30]} cxd4 {[%emt 0:03:30]} 6. Nc4 {[%emt 0:01:30]} Qd8 {[%emt 0:00:30]} 7. cxd4 {[%emt 0:00:30]} d5 {[%emt 0:00:00]} 8. exd5 {[%emt 0:00:00]} exd5 {[%emt 0:00:00]} 9. Nce5 {[%emt 0:00:00]} Bb4+ {[%emt 0:00:30]} 10. Bd2 {[%emt 0:00:30]} Qa5 {[%emt 0:00:30]} 11. a3 {[%emt 0:01:30]} Bxd2+ {[%emt 0:01:30]} 12. Qxd2 {[%emt 0:00:30]} Qxd2+ {[%emt 0:00:30]} 13. Kxd2 {[%emt 0:00:30]} Nge7 {[%emt 0:03:30]} 14. Bb5 {[%emt 0:00:30]} f6 {[%emt 0:00:00]} 15. Bxc6+ {[%emt 0:00:30]} bxc6 {[%emt 0:00:00]} 16. Nd3 {[%emt 0:00:00]} Bg4 {[%emt 0:00:00]} 17. Nfe1 {[%emt 0:01:00]} Kf7 {[%emt 0:01:00]} 18. Rc1 {[%emt 0:00:00]} Rhb8 {[%emt 0:00:30]} 19. Rc5 {[%emt 0:07:00]} a5 {[%emt 0:02:30]} 20. f3 {[%emt 0:04:30]} Bd7 {[%emt 0:04:30]} 21. Nc2 {[%emt 0:09:30]} Bf5 {[%emt 0:00:30]} 22. Rb1 {[%emt 0:00:00]} Rb6 {[%emt 0:05:30]} 23. g4 {[%emt 0:10:00]} Bxd3 {[%emt 0:00:30]} 24. Kxd3 {[%emt 0:00:30]} h5 {[%emt 0:00:30]} 25. h3 {[%emt 0:14:30]} Ng6 {[%emt 0:03:30]} 26. b4 {[%emt 0:07:30]} axb4 {[%emt 0:02:30]} 27. Rxb4 {[%emt 0:00:30]} Rxa3+ {[%emt 0:01:30]} 28. Nxa3 {[%emt 0:00:30]} Rxb4 {[%emt 0:00:00]} 29. Rxc6 {[%emt 0:01:30]} Rb3+ {[%emt 0:00:00]} 30. Rc3 {[%emt 0:00:30]} Nf4+ {[%emt 0:00:00]} 31. Kd2 {[%emt 0:00:30]} Rxc3 {[%emt 0:00:00]} 32. Kxc3 {[%emt 0:00:30]} h4 {[%emt 0:00:30]} 33. Kd2 {[%emt 0:00:00]} Nxh3 {[%emt 0:00:30]} 34. Ke3 {[%emt 0:00:00]} g5 {[%emt 0:04:30]} 35. Nb5 {[%emt 0:00:30]} Ke7 {[%emt 0:00:30]} 36. Nc7 {[%emt 0:01:30]} Nf4 {[%emt 0:00:00]} 37. Kf2 {[%emt 0:00:30]} Kd7 {[%emt 0:00:00]} 38. Na6 {[%emt 0:00:30]} Nd3+ {[%emt 0:00:30]} 39. Ke2 {[%emt 0:00:30]} h3 {[%emt 0:00:30]} 40. Kf1 {[%emt 0:00:00]} Kc6 {[%emt 0:00:30]} 41. Nb8+ {[%emt 0:00:00]} Kc7 {[%emt 0:00:30]} 42. Na6+ {[%emt 0:00:30]} Kb7 {[%emt 0:00:00]} 0-1

[Event "Turkish Cup 2022"]
[Site "Sakarya"]
[Date "2022.03.26"]
[Round "3.6"]
[White "Samani, Yamac"]
[Black "Kayan, Veli"]
[Result "1-0"]
[WhiteElo "2257"]
[BlackElo "1915"]
[Annotator "ChessBase"]
[PlyCount "114"]
[EventDate "2022.03.25"]
[EventType "swiss"]
[EventCountry "TUR"]
[SourceTitle "playchess.com"]
[Source "ChessBase"]
[SourceQuality "1"]
[TimeControl "5400+30"]

1. e4 {[%emt 0:01:00]} c5 {[%emt 0:01:00]} 2. Nf3 {[%emt 0:00:30]} Nc6 {[%emt 0:00:30]} 3. Nc3 {[%emt 0:00:30]} d6 {[%emt 0:00:30]} 4. Bb5 {[%emt 0:00:30]} Bd7 {[%emt 0:00:30]} 5. O-O {[%emt 0:00:30]} a6 {[%emt 0:00:30]} 6. Bxc6 {[%emt 0:00:30]} bxc6 {[%emt 0:02:30]} 7. e5 {[%emt 0:01:30]} d5 {[%emt 0:00:30]} 8. h3 {[%emt 0:01:30]} e6 {[%emt 0:02:30]} 9. d3 {[%emt 0:00:00]} h6 {[%emt 0:04:30]} 10. Ne2 {[%emt 0:05:00]} Be7 {[%emt 0:05:30]} 11. c4 {[%emt 0:08:30]} h5 {[%emt 0:03:30]} 12. Nh2 {[%emt 0:18:30]} Qc7 {[%emt 0:06:30]} 13. f4 {[%emt 0:02:30]} Nh6 {[%emt 0:03:30]} 14. Be3 {[%emt 0:09:30]} Nf5 {[%emt 0:07:30]} 15. Qd2 {[%emt 0:05:30]} a5 {[%emt 0:02:30]} 16. Nf3 {[%emt 0:01:30]} Rb8 {[%emt 0:15:30]} 17. Bf2 {[%emt 0:02:30]} Qb6 {[%emt 0:04:30]} 18. Nc3 {[%emt 0:03:30]} Nd4 {[%emt 0:06:30]} 19. Qd1 {[%emt 0:06:30]} Nxf3+ {[%emt 0:11:30]} 20. Qxf3 {[%emt 0:00:30]} Qb4 {[%emt 0:01:01]} 21. Rac1 {[%emt 0:05:30]} a4 {[%emt 0:09:13]} 22. f5 {[%emt 0:06:03]} Qa5 {[%emt 0:05:29]} 23. f6 {[%emt 0:03:43]} gxf6 {[%emt 0:01:08]} 24. exf6 {[%emt 0:00:10]} Bd6 {[%emt 0:00:07]} 25. Bg3 {[%emt 0:01:57]} Qc7 {[%emt 0:03:00]} 26. Bxd6 {[%emt 0:01:11]} Qxd6 {[%emt 0:00:01]} 27. Nxa4 {[%emt 0:00:28]} d4 {[%emt 0:01:15]} 28. Qf4 {[%emt 0:01:51]} Qxf4 {[%emt 0:02:22]} 29. Rxf4 {[%emt 0:00:02]} Rg8 {[%emt 0:00:00]} 30. Kh2 {[%emt 0:02:41]} Rg5 {[%emt 0:00:21]} 31. Re1 {[%emt 0:00:31]} Ra8 {[%emt 0:01:04]} 32. b3 {[%emt 0:00:59]} Ra5 {[%emt 0:00:19]} 33. h4 {[%emt 0:00:18]} Rg6 {[%emt 0:00:58]} 34. Re5 {[%emt 0:00:09]} Kd8 {[%emt 0:00:26]} 35. Rxh5 {[%emt 0:01:20]} Kc7 {[%emt 0:00:15]} 36. Rxc5 {[%emt 0:04:04]} Rxc5 {[%emt 0:00:42]} 37. Nxc5 {[%emt 0:00:01]} e5 {[%emt 0:00:18]} 38. Re4 {[%emt 0:00:31]} Bc8 {[%emt 0:00:46]} 39. Rxe5 {[%emt 0:01:13]} Kd6 {[%emt 0:00:18]} 40. Rh5 {[%emt 0:00:33]} Bg4 {[%emt 0:00:22]} 41. Ne4+ {[%emt 0:00:51]} Ke6 {[%emt 0:00:14]} 42. Rc5 {[%emt 0:00:16]} Be2 {[%emt 0:00:37]} 43. Rxc6+ {[%emt 0:01:02]} Kf5 {[%emt 0:00:48]} 44. Ng3+ {[%emt 0:00:54]} Kf4 {[%emt 0:00:14]} 45. Nxe2+ {[%emt 0:00:11]} Ke3 {[%emt 0:00:05]} 46. Rd6 {[%emt 0:02:36]} Kxe2 {[%emt 0:01:10]} 47. Rxd4 {[%emt 0:00:10]} Ke3 {[%emt 0:00:00]} 48. Re4+ {[%emt 0:00:47]} Kxd3 {[%emt 0:00:40]} 49. Rf4 {[%emt 0:00:15]} Ke3 {[%emt 0:00:35]} 50. Rf3+ {[%emt 0:00:15]} Ke4 {[%emt 0:00:41]} 51. c5 {[%emt 0:00:24]} Rh6 {[%emt 0:00:02]} 52. Kh3 {[%emt 0:00:11]} Rh5 {[%emt 0:00:16]} 53. Rc3 {[%emt 0:00:16]} Kd4 {[%emt 0:00:09]} 54. Rc4+ {[%emt 0:00:01]} Kd5 {[%emt 0:00:13]} 55. c6 {[%emt 0:00:05]} Rh8 {[%emt 0:00:30]} 56. c7 {[%emt 0:00:30]} Rc8 {[%emt 0:00:30]} 57. a4 {[%emt 0:00:00]} Ke5 {[%emt 0:00:00]} 1-0

[Event "Turkish Cup 2022"]
[Site "Sakarya"]
[Date "2022.03.26"]
[Round "3.7"]
[White "Demirag, Batuhan"]
[Black "Huseyinoglu, Alihan"]
[Result "0-1"]
[WhiteElo "1923"]
[BlackElo "2312"]
[Annotator "ChessBase"]
[PlyCount "82"]
[EventDate "2022.03.25"]
[EventType "swiss"]
[EventCountry "TUR"]
[SourceTitle "playchess.com"]
[Source "ChessBase"]
[SourceQuality "1"]
[TimeControl "5400+30"]

1. c4 {[%emt 0:01:00]} g6 {[%emt 0:03:00]} 2. g3 {[%emt 0:00:30]} Bg7 {[%emt 0:00:30]} 3. Bg2 {[%emt 0:01:30]} d6 {[%emt 0:00:30]} 4. Nc3 {[%emt 0:01:30]} c5 {[%emt 0:05:30]} 5. d3 {[%emt 0:05:30]} Nc6 {[%emt 0:00:30]} 6. Nh3 {[%emt 0:04:30]} h5 {[%emt 0:14:30]} 7. O-O {[%emt 0:03:30]} h4 {[%emt 0:01:30]} 8. Nf4 {[%emt 0:07:30]} Nf6 {[%emt 0:08:30]} 9. a3 {[%emt 0:08:30]} hxg3 {[%emt 0:05:30]} 10. hxg3 {[%emt 0:03:30]} Bd7 {[%emt 0:15:30]} 11. Rb1 {[%emt 0:03:30]} Qc8 {[%emt 0:03:30]} 12. Re1 {[%emt 0:17:30]} g5 {[%emt 0:13:30]} 13. Nfd5 {[%emt 0:00:30]} Bh3 {[%emt 0:01:30]} 14. Nxf6+ {[%emt 0:04:30]} Bxf6 {[%emt 0:00:30]} 15. Be4 {[%emt 0:06:30]} Bf5 {[%emt 0:05:28]} 16. Bg2 {[%emt 0:00:30]} Bxc3 {[%emt 0:03:22]} 17. bxc3 {[%emt 0:00:30]} f6 {[%emt 0:00:01]} 18. Qb3 {[%emt 0:04:30]} b6 {[%emt 0:01:57]} 19. Bxc6+ {[%emt 0:02:30]} Qxc6 {[%emt 0:00:03]} 20. f3 {[%emt 0:01:30]} Bxd3 {[%emt 0:02:11]} 21. Rb2 {[%emt 0:04:00]} Bf5 {[%emt 0:01:10]} 22. Qb5 {[%emt 0:01:33]} Bd7 {[%emt 0:00:31]} 23. Qxc6 {[%emt 0:00:54]} Bxc6 {[%emt 0:00:02]} 24. e4 {[%emt 0:00:00]} Kf7 {[%emt 0:02:03]} 25. Rg2 {[%emt 0:03:11]} Rag8 {[%emt 0:03:31]} 26. g4 {[%emt 0:03:59]} Rh3 {[%emt 0:00:30]} 27. Kf2 {[%emt 0:00:11]} Rgh8 {[%emt 0:00:00]} 28. Be3 {[%emt 0:01:01]} Ba4 {[%emt 0:00:54]} 29. Rb1 {[%emt 0:01:13]} Rh1 {[%emt 0:00:46]} 30. Rxh1 {[%emt 0:01:02]} Rxh1 {[%emt 0:00:03]} 31. Rg1 {[%emt 0:00:00]} Rxg1 {[%emt 0:01:30]} 32. Kxg1 {[%emt 0:00:27]} e5 {[%emt 0:00:30]} 33. Kf2 {[%emt 0:00:31]} Bb3 {[%emt 0:00:10]} 34. Bd2 {[%emt 0:01:08]} Bxc4 {[%emt 0:00:30]} 35. Ke3 {[%emt 0:00:01]} Ke6 {[%emt 0:01:12]} 36. Bc1 {[%emt 0:00:30]} Kd7 {[%emt 0:00:05]} 37. Bb2 {[%emt 0:00:46]} Kc6 {[%emt 0:00:10]} 38. Bc1 {[%emt 0:00:42]} Kb5 {[%emt 0:00:12]} 39. Bb2 {[%emt 0:00:40]} Ka4 {[%emt 0:00:22]} 40. Kd2 {[%emt 0:00:03]} Kb3 {[%emt 0:00:30]} 41. Bc1 {[%emt 0:00:00]} b5 {[%emt 0:00:07]} 0-1

[Event "Turkish Cup 2022"]
[Site "Sakarya"]
[Date "2022.03.26"]
[Round "3.8"]
[White "Eren, Ataberk"]
[Black "Anacak, Hasan Gunes"]
[Result "1-0"]
[WhiteElo "2306"]
[BlackElo "1798"]
[Annotator "ChessBase"]
[PlyCount "99"]
[EventDate "2022.03.25"]
[EventType "swiss"]
[EventCountry "TUR"]
[SourceTitle "playchess.com"]
[Source "ChessBase"]
[SourceQuality "1"]
[TimeControl "5400+30"]

1. d4 {[%emt 0:01:00]} d5 {[%emt 0:01:00]} 2. Bf4 {[%emt 0:00:30]} c5 {[%emt 0:00:30]} 3. e3 {[%emt 0:00:30]} Nc6 {[%emt 0:00:00]} 4. c3 {[%emt 0:01:30]} Nf6 {[%emt 0:04:00]} 5. Nd2 {[%emt 0:00:30]} Bf5 {[%emt 0:04:30]} 6. Qb3 {[%emt 0:06:30]} Qb6 {[%emt 0:03:30]} 7. dxc5 {[%emt 0:00:30]} Qxb3 {[%emt 0:00:30]} 8. axb3 {[%emt 0:00:30]} e5 {[%emt 0:01:30]} 9. Bg3 {[%emt 0:00:00]} Bxc5 {[%emt 0:01:30]} 10. b4 {[%emt 0:00:00]} Bd6 {[%emt 0:00:30]} 11. b5 {[%emt 0:05:30]} Nb8 {[%emt 0:00:30]} 12. Ngf3 {[%emt 0:03:30]} Nbd7 {[%emt 0:04:30]} 13. Be2 {[%emt 0:00:00]} Ne4 {[%emt 0:06:30]} 14. Nxe4 {[%emt 0:00:00]} Bxe4 {[%emt 0:00:30]} 15. O-O {[%emt 0:00:30]} f6 {[%emt 0:00:30]} 16. Nd2 {[%emt 0:05:30]} Bg6 {[%emt 0:08:30]} 17. Rfd1 {[%emt 0:01:30]} Nb6 {[%emt 0:10:30]} 18. Bf3 {[%emt 0:09:30]} Ke7 {[%emt 0:17:30]} 19. e4 {[%emt 0:00:30]} Nc4 {[%emt 0:03:30]} 20. Nxc4 {[%emt 0:12:30]} dxc4 {[%emt 0:00:00]} 21. Be2 {[%emt 0:00:30]} Rhc8 {[%emt 0:08:00]} 22. Ra4 {[%emt 0:00:30]} Bxe4 {[%emt 0:07:19]} 23. Rxc4 {[%emt 0:00:30]} Rxc4 {[%emt 0:01:07]} 24. Bxc4 {[%emt 0:00:00]} Rc8 {[%emt 0:01:02]} 25. Be2 {[%emt 0:01:00]} Bc5 {[%emt 0:01:47]} 26. Kf1 {[%emt 0:01:30]} Bc2 {[%emt 0:07:19]} 27. Ra1 {[%emt 0:00:30]} Bb3 {[%emt 0:00:05]} 28. f3 {[%emt 0:00:30]} Rc7 {[%emt 0:00:43]} 29. Bf2 {[%emt 0:00:30]} b6 {[%emt 0:01:40]} 30. Bxc5+ {[%emt 0:01:30]} bxc5 {[%emt 0:00:30]} 31. c4 {[%emt 0:00:30]} Bc2 {[%emt 0:00:00]} 32. Kf2 {[%emt 0:00:00]} Bf5 {[%emt 0:01:00]} 33. Ke3 {[%emt 0:00:00]} Rd7 {[%emt 0:03:17]} 34. Ra6 {[%emt 0:00:00]} Kd8 {[%emt 0:00:18]} 35. g4 {[%emt 0:00:00]} Bg6 {[%emt 0:00:56]} 36. h4 {[%emt 0:00:30]} Bf7 {[%emt 0:00:40]} 37. Bd3 {[%emt 0:02:30]} Rc7 {[%emt 0:01:56]} 38. g5 {[%emt 0:02:30]} f5 {[%emt 0:00:17]} 39. b3 {[%emt 0:00:30]} g6 {[%emt 0:01:00]} 40. Kd2 {[%emt 0:00:30]} Ke7 {[%emt 0:01:18]} 41. Kc3 {[%emt 0:00:30]} Be6 {[%emt 0:00:00]} 42. b4 {[%emt 0:01:30]} e4 {[%emt 0:01:12]} 43. fxe4 {[%emt 0:00:30]} fxe4 {[%emt 0:00:30]} 44. Be2 {[%emt 0:00:00]} cxb4+ {[%emt 0:00:00]} 45. Kxb4 {[%emt 0:00:00]} Bc8 {[%emt 0:00:06]} 46. Rf6 {[%emt 0:01:30]} Bb7 {[%emt 0:00:55]} 47. c5 {[%emt 0:03:30]} Bd5 {[%emt 0:00:07]} 48. c6 {[%emt 0:00:00]} e3 {[%emt 0:00:48]} 49. Kc5 {[%emt 0:00:00]} Bb3 {[%emt 0:00:35]} 50. Rf3 {[%emt 0:00:30]} 1-0

[Event "Turkish Cup 2022"]
[Site "Sakarya"]
[Date "2022.03.26"]
[Round "3.9"]
[White "Gazioglu, Halit"]
[Black "Ozsakallioglu, Okan"]
[Result "0-1"]
[WhiteElo "1880"]
[BlackElo "2270"]
[Annotator "ChessBase"]
[PlyCount "80"]
[EventDate "2022.03.25"]
[EventType "swiss"]
[EventCountry "TUR"]
[SourceTitle "playchess.com"]
[Source "ChessBase"]
[SourceQuality "1"]
[TimeControl "5400+30"]

1. d4 {[%emt 0:01:00]} d5 {[%emt 0:09:00]} 2. c4 {[%emt 0:00:30]} c6 {[%emt 0:00:00]} 3. Nc3 {[%emt 0:01:30]} dxc4 {[%emt 0:03:00]} 4. a4 {[%emt 0:00:30]} e5 {[%emt 0:00:00]} 5. Nf3 {[%emt 0:04:30]} exd4 {[%emt 0:01:00]} 6. Qxd4 {[%emt 0:05:30]} Qxd4 {[%emt 0:01:30]} 7. Nxd4 {[%emt 0:00:00]} Bc5 {[%emt 0:00:30]} 8. e3 {[%emt 0:01:00]} Bxd4 {[%emt 0:07:30]} 9. exd4 {[%emt 0:00:30]} Be6 {[%emt 0:00:30]} 10. Bf4 {[%emt 0:06:30]} Nf6 {[%emt 0:03:30]} 11. Bd6 {[%emt 0:04:30]} Kd7 {[%emt 0:12:30]} 12. Ba3 {[%emt 0:03:30]} Na6 {[%emt 0:04:30]} 13. Be2 {[%emt 0:01:30]} Nc7 {[%emt 0:00:30]} 14. O-O {[%emt 0:03:30]} Rhe8 {[%emt 0:00:30]} 15. Rac1 {[%emt 0:05:30]} Bd5 {[%emt 0:03:30]} 16. Rfd1 {[%emt 0:01:30]} b6 {[%emt 0:04:30]} 17. Bf1 {[%emt 0:07:30]} a6 {[%emt 0:06:30]} 18. g3 {[%emt 0:00:30]} b5 {[%emt 0:00:30]} 19. Bh3+ {[%emt 0:00:30]} Be6 {[%emt 0:00:00]} 20. Bg2 {[%emt 0:02:30]} Ncd5 {[%emt 0:01:00]} 21. Bc5 {[%emt 0:02:30]} Nxc3 {[%emt 0:00:30]} 22. bxc3 {[%emt 0:00:30]} Bd5 {[%emt 0:00:30]} 23. Bh3+ {[%emt 0:00:30]} Kc7 {[%emt 0:00:30]} 24. a5 {[%emt 0:01:30]} Bf3 {[%emt 0:03:30]} 25. Re1 {[%emt 0:03:30]} Ne4 {[%emt 0:03:30]} 26. Bb6+ {[%emt 0:00:30]} Kd6 {[%emt 0:00:00]} 27. Bg2 {[%emt 0:09:30]} Bxg2 {[%emt 0:04:00]} 28. Kxg2 {[%emt 0:00:30]} Kd5 {[%emt 0:00:00]} 29. f3 {[%emt 0:01:30]} Nxc3 {[%emt 0:01:00]} 30. Bc5 {[%emt 0:09:30]} Na4 {[%emt 0:00:30]} 31. Be7 {[%emt 0:01:30]} f6 {[%emt 0:00:30]} 32. Re4 {[%emt 0:01:30]} c3 {[%emt 0:04:30]} 33. Kf2 {[%emt 0:01:30]} Ra7 {[%emt 0:00:30]} 34. Bxf6 {[%emt 0:07:15]} Rxe4 {[%emt 0:01:30]} 35. fxe4+ {[%emt 0:02:34]} Kxe4 {[%emt 0:00:00]} 36. Bg5 {[%emt 0:02:06]} b4 {[%emt 0:00:00]} 37. Ke2 {[%emt 0:01:25]} Rf7 {[%emt 0:01:30]} 38. Bf4 {[%emt 0:01:52]} Rxf4 {[%emt 0:00:30]} 39. gxf4 {[%emt 0:00:30]} b3 {[%emt 0:00:00]} 40. Rd1 {[%emt 0:05:22]} b2 {[%emt 0:00:00]} 0-1